Muslim progress index A / (Record no. 141059)

MARC details
000 -LEADER
fixed length control field 00550nam a22001817a 4500
005 - DATE AND TIME OF LATEST TRANSACTION
control field 20170613152258.0
010 ## - LCCN (DPL NO)
LC control number ENG-118618
020 ## - INTERNATIONAL STANDARD BOOK NUMBER
International Standard Book Number 9789381509456
Terms of availability 800.00
035 ## - SYSTEM CONTROL NUMBER
System control number EN-102150
037 ## - SOURCE OF ACQUISITION
Source of stock number/acquisition DBAD/PUB
082 ## - DEWEY DECIMAL CLASSIFICATION NUMBER
Classification number 297
100 ## - MAIN ENTRY--PERSONAL NAME
Personal name Zubair Zafar Khan
245 ## - TITLE STATEMENT
Title Muslim progress index A /
Statement of responsibility, etc by Zubair Zafar Khan
260 ## - PUBLICATION, DISTRIBUTION, ETC. (IMPRINT)
Place of publication, distribution, etc New Delhi
Name of publisher, distributor, etc Maktaba Shah Waliullah
Date of publication, distribution, etc 2015
270 ## - ADDRESS
Address B-25/1, Rehman Complex, Jogabai, Jamia Nagar, Okhla, New Delhi-110025
300 ## - PHYSICAL DESCRIPTION
Extent 304p
Dimensions 24cm.(Hb)
942 ## - ADDED ENTRY ELEMENTS (KOHA)
Source of classification or shelving scheme Dewey Decimal Classification
Item type English Books
Classification part 297
Call number suffix KHA
Holdings
Withdrawn status Lost status Not for loan Collection code Home library Current library Date acquired Source of acquisition Cost, normal purchase price Full call number Barcode Copy number Cost, replacement price Koha item type
    Not For Loan Non-fiction D.B.Act.Division Bawana 13/06/2017 DBAD/PUB 800.00 297 ZUB EN-102150 1 800.00 English Books

© Delhi Public Library
Hit Counter
free hit counter